000 01118nam0a22002651 4500
001 rc\3012811
005 20250806201051.0
035 _a(NLR Aleph) 007155226
090 _a5414
_c5414
100 _a20110924d1945 u y0rusy50 ca
101 0 _arus
102 _aRU
105 _ay z |||||
200 1 _aВ помощь художественной самодеятельности
_e(Репертуарный сборник)
_fКом. по делам культ.-просвет. учреждений при СНК Карело-Фин. ССР
210 _aПетрозаводск
_c[Гос. изд-во Карело-Фин. ССР]
_d1945
_gтип. им. Анохина
215 _a24 с.
_d20 см
300 _aБез тит. л.
712 0 2 _aКарело-Финская ССР
_bКомитет по делам культурно-просветительных учреждений
_4570
801 0 _aRU
_bNLR
_gpsbo
801 1 _aRU
_bELAR
_2rusmarc
852 _aNLR
_bЛ
_j30 Г-4/395
942 _cBOOK
945 _aРоссийская национальная библиотека
980 _aNB
980 _aBV